00415nam a2200181Ia 4500008004100000020001400041050001600055100001900071245002700090245002200117260001500139260001600154260000900170300001600179300002000195300001000215500000800225170918s9999 xx 000 0 und d a439401844 bM636to 2002 aMikaelsen, Ben aTouching spirit bear / cby Ben Mikaelsen. aNew York : bScholastic, c2002 a241 pages : billustrations ; c19cm. a670